Allies of Japan - Statistics

General Stats
  • This quiz has been taken 249 times
  • The average score is 10 of 12
Answer Stats
Hint Answer % Correct
North America United States of America
97%
Oceania Australia
96%
North America Canada
96%
Europe France
95%
Europe Germany
95%
Asia South Korea
95%
Europe United Kingdom
95%
South America Brazil
91%
Asia India
86%
Europe Italy
84%
Asia Saudi Arabia
57%
Asia the Phileppines
4%
No matching quizzes found
Score Distribution
Percent of People with Each Score
Percentile by Number Answered
Your Score History
You have not taken this quiz